<?xml version='1.0' encoding='UTF-8'?><?xml-stylesheet href='static/style.xsl' type='text/xsl'?><OAI-PMH xmlns="http://www.openarchives.org/OAI/2.0/" xmlns:xsi="http://www.w3.org/2001/XMLSchema-instance" xsi:schemaLocation="http://www.openarchives.org/OAI/2.0/ http://www.openarchives.org/OAI/2.0/OAI-PMH.xsd"><responseDate>2026-05-13T21:24:56Z</responseDate><request verb="GetRecord" identifier="oai:ebiltegia.mondragon.edu:20.500.11984/1130" metadataPrefix="marc">https://ebiltegia.mondragon.edu/oai/request</request><GetRecord><record><header><identifier>oai:ebiltegia.mondragon.edu:20.500.11984/1130</identifier><datestamp>2024-03-05T12:24:27Z</datestamp><setSpec>com_20.500.11984_473</setSpec><setSpec>col_20.500.11984_478</setSpec></header><metadata><record xmlns="http://www.loc.gov/MARC21/slim" xmlns:dcterms="http://purl.org/dc/terms/" xmlns:xsi="http://www.w3.org/2001/XMLSchema-instance" xmlns:doc="http://www.lyncode.com/xoai" xsi:schemaLocation="http://www.loc.gov/MARC21/slim http://www.loc.gov/standards/marcxml/schema/MARC21slim.xsd">
   <leader>00925njm 22002777a 4500</leader>
   <datafield ind2=" " ind1=" " tag="042">
      <subfield code="a">dc</subfield>
   </datafield>
   <datafield ind2=" " ind1=" " tag="720">
      <subfield code="a">Retegi, Jabier</subfield>
      <subfield code="e">author</subfield>
   </datafield>
   <datafield ind2=" " ind1=" " tag="260">
      <subfield code="c">2018</subfield>
   </datafield>
   <datafield ind2=" " ind1=" " tag="520">
      <subfield code="a">Berrikuntzako sistema erregionalek eta espezializazio estrategia adimentsuek heziketa teknikoan, ETEentzako zerbitzu teknologikoen prestakuntzan eta tokiko garapenean izandako hutsuneak azaldu ondoren, (LH) lanbide-heziketako ikastetxeek haien konponbidean bete lezaketen papera erakusten du artikulu honek. Horretarako, LHko ikastetxeek funtzio bakarrekoak izatetik funtzio anitzekoak izatera igaro behar dute. Ohikoak ez diren eginkizun berri horiek egin ahal izateak zer ikusia du LHko ikastetxe-motarekin eta LHko ikastetxeen barne eta kanpo-faktoreekin. Nafarroako kasuaren azterketak, aurrekoa argitzeaz gainera, erkidego horretan LHko ikastetxeen eredua eraldatu ahal izateko hainbat orientabide eskaintzen du.</subfield>
   </datafield>
   <datafield ind2=" " ind1=" " tag="520">
      <subfield code="a">After exposing the shortcomings of regional innovation systems and smart specialisation strategies with regard to the technical training, the provision of technological services to SMEs and local development, this paper shows how Vocational Education and Training (VET) centres could contribute to solve them. For that, it is necessary to turn unitary VET&#xd;
centres into multi-functional VET centres. The performance of the new non-traditional functions by the VET centres depends on the prevalent type of centre, and internal and external factors to them. The analysis of the case of Navarre allows us, on top of illustrating the previous points, to draw some orientations about how the transformation of the VET centre model should be undertaken.</subfield>
   </datafield>
   <datafield ind2=" " ind1=" " tag="520">
      <subfield code="a">Tras exponer las carencias que los sistemas regionales de innovación y las estrategias de especialización inteligente han presentado en el ámbito de la formación técnica, de los servicios tecnológicos a las pymes y del desarrollo local, el artículo muestra el papel que los centros educativos de Formación Profesional pueden jugar en su resolución. Para eso es necesaria la transformación de los centros de FP unitarios en centros integrados y multifuncionales. El desempeño de esas nuevas funciones no tradicionales depende de la tipología de centros imperante, y de factores internos y externos a estos. El análisis del caso de Navarra permite, además de ilustrar todo lo anterior, extraer orientaciones para llevar a cabo esa transformación del modelo de centro de FP en dicha comunidad.</subfield>
   </datafield>
   <datafield ind1="8" ind2=" " tag="024">
      <subfield code="a">2340-4051</subfield>
   </datafield>
   <datafield ind1="8" ind2=" " tag="024">
      <subfield code="a">https://katalogoa.mondragon.edu/janium-bin/janium_login_opac.pl?find&amp;ficha_no=149538</subfield>
   </datafield>
   <datafield ind1="8" ind2=" " tag="024">
      <subfield code="a">https://hdl.handle.net/20.500.11984/1130</subfield>
   </datafield>
   <datafield tag="653" ind2=" " ind1=" ">
      <subfield code="a">Lanbide-heziketa</subfield>
   </datafield>
   <datafield tag="653" ind2=" " ind1=" ">
      <subfield code="a">berrikuntzako sistema erregionala</subfield>
   </datafield>
   <datafield tag="653" ind2=" " ind1=" ">
      <subfield code="a">espezializazio adimentsuko estrategia</subfield>
   </datafield>
   <datafield tag="653" ind2=" " ind1=" ">
      <subfield code="a">RIS3</subfield>
   </datafield>
   <datafield tag="653" ind2=" " ind1=" ">
      <subfield code="a">zentro integratua</subfield>
   </datafield>
   <datafield tag="653" ind2=" " ind1=" ">
      <subfield code="a">enplegurako lanbide-heziketa</subfield>
   </datafield>
   <datafield tag="653" ind2=" " ind1=" ">
      <subfield code="a">Vocational education and training</subfield>
   </datafield>
   <datafield tag="653" ind2=" " ind1=" ">
      <subfield code="a">VET</subfield>
   </datafield>
   <datafield tag="653" ind2=" " ind1=" ">
      <subfield code="a">regional innovation system</subfield>
   </datafield>
   <datafield tag="653" ind2=" " ind1=" ">
      <subfield code="a">smart specialisation strategy</subfield>
   </datafield>
   <datafield tag="653" ind2=" " ind1=" ">
      <subfield code="a">multifunctional center</subfield>
   </datafield>
   <datafield tag="653" ind2=" " ind1=" ">
      <subfield code="a">continuous vocational training</subfield>
   </datafield>
   <datafield tag="653" ind2=" " ind1=" ">
      <subfield code="a">Formación profesional</subfield>
   </datafield>
   <datafield tag="653" ind2=" " ind1=" ">
      <subfield code="a">sistema regional de innovación</subfield>
   </datafield>
   <datafield tag="653" ind2=" " ind1=" ">
      <subfield code="a">estrategia de especialización inteligente</subfield>
   </datafield>
   <datafield tag="653" ind2=" " ind1=" ">
      <subfield code="a">centro integrado</subfield>
   </datafield>
   <datafield tag="653" ind2=" " ind1=" ">
      <subfield code="a">Formación profesional para el empleo</subfield>
   </datafield>
   <datafield ind2="0" ind1="0" tag="245">
      <subfield code="a">Lanbide Heziketako ikastetxeak RIS3aren erronken aurrean. Nafarroako kasua</subfield>
   </datafield>
   <datafield ind2="0" ind1="0" tag="245">
      <subfield code="a">La formación profesional de Navarra. Hacia un nuevo modelo de centro y el reto de la FP dual</subfield>
   </datafield>
   <datafield ind2="0" ind1="0" tag="245">
      <subfield code="a">Vocational Education Training Centres in the context of the challenges associated with RIS3. The case of Navarre</subfield>
   </datafield>
</record></metadata></record></GetRecord></OAI-PMH>